000 00361nam a2200145Ia 4500
008 210716s1993 xx 000 0 und d
041 _aeng
082 _a004.68 DAYM
100 _aDay, Michael; Neff, Ken.
245 _aTroubleshooting netware for the 386.
250 _a1
260 _aNew Delhi
_bBPB Publications
_c1993
300 _a873
650 _aNone
999 _c182559
_d182559